• 首页
  • 本馆介绍
  • 公告通知
  • 最新文献
  • 馆藏检索
  • 电子资源
  • 读者导购
  • 参考咨询
  • 我的图书馆
  • 登录
  • 详细信息显示
  • 放入我的书架
  • 预约/预借图书
  • 作者相关作品
  • 分类相关作品
  • 丛书相关作品
  • 出版社相关作品

书目信息

  • 表格格式
  • 工作单格式
  • 卡片格式
题名:
萬壽祺集
    
 
作者: 万寿祺, 著 ;余平 整理
分册:  
出版信息: 杭州   浙江人民美術出版社  2019.12
页数: 18, 23, 492页
开本: 21cm
丛书名: 藝術文獻集成
单 册:
中图分类: I214.92
科图分类:
主题词: 中国文学--zhong guo wen xue--古典文学--作品综合集--清代
电子资源:
ISBN: 978-7-5340-7510-0
000 01137nam 2200313 450
001 CAL 003911624
005 20230217093111.0
010    @a978-7-5340-7510-0@dCNY89.80
100    @a20200401d2019 em y0chiy0120 ea
101 0  @achi
102    @aCN@b330000
105    @ay z 000zy
106    @ar
200 1  @a萬壽祺集@Awan shou qi ji@f(清) 萬壽祺
210    @a杭州@c浙江人民美術出版社@d2019.12
215    @a18, 23, 492页@d21cm
225 2  @a藝術文獻集成@Ayi shu wen xian ji cheng
314    @a版权页题: 餘平整理
330    @a本书的整理包括了《隰西草堂诗集》五卷、《隰西草堂文集》三卷、《遯渚唱和集》一卷、《墨表》一卷、《辑佚》一卷, 并附录时人贻赠作品、书画题跋汇编、传记评论资料、年谱汇编补正及诸版本序跋等, 是目前最为系统的万氏著作整理本。
410  0 @12001 @a藝術文獻集成
518 1  @a万寿祺集
606 0  @a中国文学@Azhong guo wen xue@x古典文学@x作品综合集@z清代
690    @aI214.92@v5
701  0 @a万寿祺,@Awan shou qi@f清代@4著
702  0 @a余平@Ayu ping@4整理
730 1  @a萬壽祺@Awan shou qi@4著
730 1  @a餘平@Ayu ping@4整理
801  0 @aCN@bBJXHZP@c20230228
905    @b1398169-72@dI214.92@e1151@f4
    
    萬壽祺集/(清) 萬壽祺.-杭州:浙江人民美術出版社,2019.12
    18, 23, 492页;21cm.-(藝術文獻集成)
    
    
    ISBN 978-7-5340-7510-0:CNY89.80
    本书的整理包括了《隰西草堂诗集》五卷、《隰西草堂文集》三卷、《遯渚唱和集》一卷、《墨表》一卷、《辑佚》一卷, 并附录时人贻赠作品、书画题跋汇编、传记评论资料、年谱汇编补正及诸版本序跋等, 是目前最为系统的万氏著作整理本。
●
相关链接 在E读中查询图书 在五车中查询图书 在当当中查询图书 在豆瓣中查询图书


正题名:萬壽祺集     索取号:I214.92/1151         预约/预借

序号 登录号 条形码 馆藏地/架位号 状态 备注
1 1398169   213981690   第一样本阅览室/ [索取号:I214.92/1151] 在馆    
2 1398170   213981707   第二借阅区/ [索取号:I214.92/1151] 在馆    
3 1398171   213981716   第二借阅区/ [索取号:I214.92/1151] 在馆    
4 1398172   213981725   第二借阅区/ [索取号:I214.92/1151] 在馆    
唐山师范学院图书馆 欢迎您!
大连网信软件有限公司© 版权所有